Detalles MARC
| 000 -CABECERA |
| Longitud fija campo de control |
01389nam a2200349 c 4500 |
| 003 - • IDENTIFICADOR DELl NÚMERO DE CONTROL |
| Identificador del número de control |
CO-BoRNBP |
| 005 - • FECHA Y HORA DE LA ÚLTIMA TRANSACCIÓN |
| Fecha y hora de la última transacción |
20250730092613.0 |
| 007 - • CAMPO FIJO DE DESCRIPCIÓN FÍSICA |
| Campo fijo de descripción física |
ta |
| 008 - • CÓDIGOS DE INFORMACIÓN DE LONGITUD FIJA |
| Códigos de información de longitud fija |
161019s1978 sp a 000 0 spa |
| 017 ## - NÚMERO DE COPYRIGHT O DE DEPÓSITO LEGAL |
| Número de copyright o de depósito legal |
B 19780-1978 |
| Agencia que asigna el número |
Oficina Depósito Legal Barcelona |
| 020 ## - • NÚMERO INTERNACIONAL NORMALIZADO PARA LIBROS |
| Número Internacional Normalizado para Libros (ISBN) |
8470806033 |
| Información calificativa |
v. 1 |
| 020 ## - • NÚMERO INTERNACIONAL NORMALIZADO PARA LIBROS |
| Número Internacional Normalizado para Libros (ISBN) |
8470806041 |
| Información calificativa |
v. 2 |
| 040 ## - FUENTE DE LA CATALOGACIÓN |
| Centro catalogador de origen |
SpMaBN |
| Lengua de catalogación |
spa |
| Centro transcriptor |
SpMaBN |
| Normas de descripción |
rdc |
| 080 ## - NÚMERO DE LA CLASIFICACIÓN DECIMAL UNIVERSAL |
| Número de la Clasificación Decimal Universal |
087.5:82 |
| 080 ## - NÚMERO DE LA CLASIFICACIÓN DECIMAL UNIVERSAL |
| Número de la Clasificación Decimal Universal |
592/599(0:82) |
| 100 1# - • PUNTO DE ACCESO PRINCIPAL-NOMBRE DE PERSONA |
| Nombre de persona |
Seton, Ernest Thompson |
| 245 10 - • TITULO PROPIAMENTE DICHO |
| Título |
Costumbres de animales salvajes |
| Mención de responsabilidad, etc. |
Ernest Thompson Seton ; [ilustraciones de Antoni Batllori ; traducción de Emilio M. Martínez Amador] |
| 246 18 - • VARIANTES DE TÍTULO |
| Título propio / Título en breve |
Animales salvajes |
| 250 ## - • MENCIÓN DE EDICIÓN |
| Mención de edición |
1a. edición |
| 300 ## - • DESCRIPCIÓN FÍSICA |
| Extensión |
2 v. (127, 122 p.) |
| Otras características físicas |
il. |
| Dimensiones |
18 cm |
| 336 ## - TIPO DE CONTENIDO |
| Término de tipo de contenido |
Texto (visual) |
| Fuente |
isbdcontent |
| Código de tipo de contenido |
txt |
| 337 ## - TIPO DE MEDIO |
| Nombre del tipo de medio |
sin mediación |
| Fuente |
isbdmedia |
| Código del tipo de medio |
n |
| 338 ## - TIPO DE SOPORTE |
| Fuente |
rdacarrier |
| Nombre del tipo de soporte |
volumen |
| Código del tipo de soporte |
nc |
| 490 0# - • MENCIÓN DE SERIE |
| Mención de serie |
Moby Dick. Biblioteca de bolsillo junior |
| Designación de volumen o secuencia |
103-104 |
| 650 #7 - • PUNTO DE ACCESO ADICIONAL DE MATERIA - TÉRMINO DE MATERIA |
| Término de materia o nombre geográfico como elemento inicial |
Animales |
| Subdivisión de forma |
Cuentos |
| Fuente del encabezamiento o término |
embne |
| 655 #7 - • TÉRMINO DE INDIZACIÓN - GÉNERO/FORMA |
| Datos o término principal de género/forma |
Cuentos juveniles |
| Fuente del término |
tgfbne |
| 9 (RLIN) |
61458 |
| 655 #7 - • TÉRMINO DE INDIZACIÓN - GÉNERO/FORMA |
| Datos o término principal de género/forma |
Libros juveniles |
| Fuente del término |
tgfbne |
| 9 (RLIN) |
61459 |
| 942 ## - ENTRADA DE ELEMENTOS AGREGADOS (KOHA) |
| Fuente de clasificaión o esquema |
Dewey Decimal Classification |
| Koha [por defecto] tipo de item |
LIbro |
| 956 ## - LOCALIZACIÓN Y ACCESO ELECTRÓNICO LOCAL (OCLC) |
| Nombre de la fuente |
2 |
| 980 ## - EQUIVALENCIA O SECCIÓN-REFERENCIA-INFORME SERIES--NOMBRE / TÍTULO DE PERSONA [LOCAL, CANADA] |
| Nombre personal |
B 19780-1978 |
| -- |
84-7080-603-3 |
| Forma completa del nombre |
v. 1 |
| Nombre personal |
84-7080-604-1 |
| Forma completa del nombre |
v. 2 |
| T&íacute;tulos u otras palabras asociadas a nombre |
Donativo del |
| Nombre personal |
Museo de Ciencias Naturales |
| Fechas asociadas con el nombre |
octubre de 2016 |
| Nombre personal |
Encuadernación en rústica. Guardados en estuche de cartón |
| -- |
SpMaBN |
| Numeración |
BNALCALA |
| Atributo cualificador |
DL/2438697-DL/2438698 |
| T&íacute;tulos u otras palabras asociadas a nombre |
CONSERVACI |
| Campo enlazado y número de secuencia |
1 |
| Nombre personal |
v. |
| Campo enlazado y número de secuencia |
1.1 |
| Nombre personal |
1 |
| Campo enlazado y número de secuencia |
1.2 |
| Nombre personal |
2 |
| Campo enlazado y número de secuencia |
0 |
| Nombre personal |
2 v. |